Alle Vereine, gegen die Miroslav Klose getroffen hat - Statistiken

Allgemein
  • Dieses Quiz wurde 188 mal gespielt
  • Das Durchschnittsergebnis liegt bei 56 aus 112
Antwortstatistiken
Titel Wettbewerb Tore Land Verein % Korrekt
Alle Vereine, gegen die Miroslav Klose in einem Pflichtspiel getroffen hat 1 | 4 SV Werder Bremen
96%
Alle Vereine, gegen die Miroslav Klose in einem Pflichtspiel getroffen hat 5 Borussia Dortmund
95%
Alle Vereine, gegen die Miroslav Klose in einem Pflichtspiel getroffen hat 1 | 3 FC Bayern München
94%
Alle Vereine, gegen die Miroslav Klose in einem Pflichtspiel getroffen hat 10 Hamburger SV
93%
Alle Vereine, gegen die Miroslav Klose in einem Pflichtspiel getroffen hat 1 Juventus Turin
90%
Alle Vereine, gegen die Miroslav Klose in einem Pflichtspiel getroffen hat 6 1. FC Köln
89%
Alle Vereine, gegen die Miroslav Klose in einem Pflichtspiel getroffen hat 3 AC Mailand
89%
Alle Vereine, gegen die Miroslav Klose in einem Pflichtspiel getroffen hat 1 | 3 FC Schalke 04
89%
Alle Vereine, gegen die Miroslav Klose in einem Pflichtspiel getroffen hat 2 | 3 VfB Stuttgart
89%
Alle Vereine, gegen die Miroslav Klose in einem Pflichtspiel getroffen hat 5 SC Freiburg
84%
Alle Vereine, gegen die Miroslav Klose in einem Pflichtspiel getroffen hat 2 1. FC Kaiserslautern
83%
Alle Vereine, gegen die Miroslav Klose in einem Pflichtspiel getroffen hat 7 Bayer 04 Leverkusen
83%
Alle Vereine, gegen die Miroslav Klose in einem Pflichtspiel getroffen hat 1 | 3 Borussia Mönchengladbach
83%
Alle Vereine, gegen die Miroslav Klose in einem Pflichtspiel getroffen hat 2 | 6 Eintracht Frankfurt
83%
Alle Vereine, gegen die Miroslav Klose in einem Pflichtspiel getroffen hat 3 | 6 VfL Wolfsburg
82%
Alle Vereine, gegen die Miroslav Klose in einem Pflichtspiel getroffen hat 1 | 5 1. FC Nürnberg
80%
Alle Vereine, gegen die Miroslav Klose in einem Pflichtspiel getroffen hat 3 Inter Mailand
80%
Alle Vereine, gegen die Miroslav Klose in einem Pflichtspiel getroffen hat 1 | 2 AS Rom
79%
Alle Vereine, gegen die Miroslav Klose in einem Pflichtspiel getroffen hat 3 1. FSV Mainz 05
78%
Alle Vereine, gegen die Miroslav Klose in einem Pflichtspiel getroffen hat 5 Hannover 96
78%
Alle Vereine, gegen die Miroslav Klose in einem Pflichtspiel getroffen hat 4 VfL Bochum
78%
Alle Vereine, gegen die Miroslav Klose in einem Pflichtspiel getroffen hat 2 VfL Bochum II
78%
Alle Vereine, gegen die Miroslav Klose in einem Pflichtspiel getroffen hat 1 ESP Atlético Madrid
74%
Alle Vereine, gegen die Miroslav Klose in einem Pflichtspiel getroffen hat 1 SSC Neapel
71%
Alle Vereine, gegen die Miroslav Klose in einem Pflichtspiel getroffen hat 1 Alemannia Aachen
70%
Alle Vereine, gegen die Miroslav Klose in einem Pflichtspiel getroffen hat 7 Arminia Bielefeld
69%
Alle Vereine, gegen die Miroslav Klose in einem Pflichtspiel getroffen hat 1 TSG 1899 Hoffenheim
69%
Alle Vereine, gegen die Miroslav Klose in einem Pflichtspiel getroffen hat 2 FC St. Pauli
68%
Alle Vereine, gegen die Miroslav Klose in einem Pflichtspiel getroffen hat 1 | 2 POR Sporting Lissabon
68%
Alle Vereine, gegen die Miroslav Klose in einem Pflichtspiel getroffen hat 4 FC Hansa Rostock
67%
Alle Vereine, gegen die Miroslav Klose in einem Pflichtspiel getroffen hat UEFA Champions League 2 FRA Olympique Lyon
67%
Alle Vereine, gegen die Miroslav Klose in einem Pflichtspiel getroffen hat 1 SCO Glasgow Rangers
65%
Alle Vereine, gegen die Miroslav Klose in einem Pflichtspiel getroffen hat Bundesliga 11 Hertha BSC
65%
Alle Vereine, gegen die Miroslav Klose in einem Pflichtspiel getroffen hat 2 GRE Panathinaikos Athen
65%
Alle Vereine, gegen die Miroslav Klose in einem Pflichtspiel getroffen hat Bundesliga 1 TSV 1860 München
65%
Alle Vereine, gegen die Miroslav Klose in einem Pflichtspiel getroffen hat 2 | 5 AC Florenz
63%
Alle Vereine, gegen die Miroslav Klose in einem Pflichtspiel getroffen hat 9 FC Energie Cottbus
63%
Alle Vereine, gegen die Miroslav Klose in einem Pflichtspiel getroffen hat 1 Fortuna Düsseldorf
60%
Alle Vereine, gegen die Miroslav Klose in einem Pflichtspiel getroffen hat 2 Karlsruher SC
60%
Alle Vereine, gegen die Miroslav Klose in einem Pflichtspiel getroffen hat 2 MSV Duisburg
60%
Alle Vereine, gegen die Miroslav Klose in einem Pflichtspiel getroffen hat UEFA Champions League 1 SUI FC Basel
59%
Alle Vereine, gegen die Miroslav Klose in einem Pflichtspiel getroffen hat 1 TUR Galatasaray Istanbul
58%
Alle Vereine, gegen die Miroslav Klose in einem Pflichtspiel getroffen hat 3 Atalanta Bergamo
57%
Alle Vereine, gegen die Miroslav Klose in einem Pflichtspiel getroffen hat 1 Eintracht Braunschweig
57%
Alle Vereine, gegen die Miroslav Klose in einem Pflichtspiel getroffen hat 2 SRB Roter Stern Belgrad
52%
Alle Vereine, gegen die Miroslav Klose in einem Pflichtspiel getroffen hat 1 BEL RSC Anderlecht
51%
Alle Vereine, gegen die Miroslav Klose in einem Pflichtspiel getroffen hat 1 SC Paderborn 07
51%
Alle Vereine, gegen die Miroslav Klose in einem Pflichtspiel getroffen hat 2 ROM FCSB
49%
Alle Vereine, gegen die Miroslav Klose in einem Pflichtspiel getroffen hat 1 FC Turin
49%
Alle Vereine, gegen die Miroslav Klose in einem Pflichtspiel getroffen hat UEFA Champions League 1 ESP FC Valencia
48%
Alle Vereine, gegen die Miroslav Klose in einem Pflichtspiel getroffen hat 4 AC Chievo Verona
45%
Alle Vereine, gegen die Miroslav Klose in einem Pflichtspiel getroffen hat UEFA Europa League 1 POR Sporting Braga
45%
Alle Vereine, gegen die Miroslav Klose in einem Pflichtspiel getroffen hat 4 Palermo FC
44%
Alle Vereine, gegen die Miroslav Klose in einem Pflichtspiel getroffen hat Serie A 1 Udinese Calcio
44%
Alle Vereine, gegen die Miroslav Klose in einem Pflichtspiel getroffen hat 2 Rot-Weiss Essen
43%
Alle Vereine, gegen die Miroslav Klose in einem Pflichtspiel getroffen hat Serie A 5 FC Bologna
38%
Alle Vereine, gegen die Miroslav Klose in einem Pflichtspiel getroffen hat 3 Parma Calcio
37%
Alle Vereine, gegen die Miroslav Klose in einem Pflichtspiel getroffen hat Bundesliga 1 SpVgg Unterhaching
37%
Alle Vereine, gegen die Miroslav Klose in einem Pflichtspiel getroffen hat 1 TuS Koblenz
35%
Alle Vereine, gegen die Miroslav Klose in einem Pflichtspiel getroffen hat 1 SCO FC Aberdeen
34%
Alle Vereine, gegen die Miroslav Klose in einem Pflichtspiel getroffen hat 5 Cagliari Calcio
33%
Alle Vereine, gegen die Miroslav Klose in einem Pflichtspiel getroffen hat 2 US Sassuolo Calcio
29%
Alle Vereine, gegen die Miroslav Klose in einem Pflichtspiel getroffen hat Regionalliga West/Südwest 1 | 2 Wuppertaler SV
29%
Alle Vereine, gegen die Miroslav Klose in einem Pflichtspiel getroffen hat 1 Bayer 04 Leverkusen
26%
Alle Vereine, gegen die Miroslav Klose in einem Pflichtspiel getroffen hat 1 FC 08 Homburg
26%
Alle Vereine, gegen die Miroslav Klose in einem Pflichtspiel getroffen hat UEFA Europa League 1 MKD Rabotnicki Skopje
26%
Alle Vereine, gegen die Miroslav Klose in einem Pflichtspiel getroffen hat UEFA Europa League 1 GRE Iraklis Thessaloniki
21%
Alle Vereine, gegen die Miroslav Klose in einem Pflichtspiel getroffen hat 2 US Lecce
21%
Alle Vereine, gegen die Miroslav Klose in einem Pflichtspiel getroffen hat UEFA Europa League 2 NED AZ Alkmaar
20%
Alle Vereine, gegen die Miroslav Klose in einem Pflichtspiel getroffen hat 1 SG Wattenscheid 09
17%
Alle Vereine, gegen die Miroslav Klose in einem Pflichtspiel getroffen hat 1 SV Elversberg
16%
Alle Vereine, gegen die Miroslav Klose in einem Pflichtspiel getroffen hat 1 Catania Calcio
15%
Alle Vereine, gegen die Miroslav Klose in einem Pflichtspiel getroffen hat 1 FK Pirmasens
14%
Alle Vereine, gegen die Miroslav Klose in einem Pflichtspiel getroffen hat UEFA Europa League 1 BUL Ludogorets Razgrad
14%
Alle Vereine, gegen die Miroslav Klose in einem Pflichtspiel getroffen hat 2 Borussia Neunkirchen
13%
Alle Vereine, gegen die Miroslav Klose in einem Pflichtspiel getroffen hat 1 VfL Hamm/Sieg
13%
Alle Vereine, gegen die Miroslav Klose in einem Pflichtspiel getroffen hat Regionalliga West/Südwest 2 SC Verl
12%
Alle Vereine, gegen die Miroslav Klose in einem Pflichtspiel getroffen hat 1 SV Wacker Burghausen
12%
Alle Vereine, gegen die Miroslav Klose in einem Pflichtspiel getroffen hat 2 AS Livorno
11%
Alle Vereine, gegen die Miroslav Klose in einem Pflichtspiel getroffen hat 1 FC Empoli
11%
Alle Vereine, gegen die Miroslav Klose in einem Pflichtspiel getroffen hat 1 ITA Udinese Calcio
10%
Alle Vereine, gegen die Miroslav Klose in einem Pflichtspiel getroffen hat 2 Delfino Pescara
5%
Alle Vereine, gegen die Miroslav Klose in einem Pflichtspiel getroffen hat 2 AC Cesena
3%
Alle Vereine, gegen die Miroslav Klose in einem Pflichtspiel getroffen hat Oberliga Südwest 1 Eintracht Bad Kreuznach
3%
Alle Vereine, gegen die Miroslav Klose in einem Pflichtspiel getroffen hat 1 CZE FK Teplice
3%
Alle Vereine, gegen die Miroslav Klose in einem Pflichtspiel getroffen hat 1 FSV Salmrohr
3%
Alle Vereine, gegen die Miroslav Klose in einem Pflichtspiel getroffen hat Serie A 1 Athletic Carpi 2021
1%
Alle Vereine, gegen die Miroslav Klose in einem Pflichtspiel getroffen hat 1 SLO NS Mura
1%
Alle Vereine, gegen die Miroslav Klose in einem Pflichtspiel getroffen hat 3 SG Mettlach/Merzig
1%
Alle Vereine, gegen die Miroslav Klose in einem Pflichtspiel getroffen hat 1 SV Prüm 1920
1%
Alle Vereine, gegen die Miroslav Klose in einem Pflichtspiel getroffen hat DFB-Pokal 1 TSV Germania Windeck
1%
Alle Vereine, gegen die Miroslav Klose in einem Pflichtspiel getroffen hat Coppa Italia 1 FC Bassano 1903
0%
Alle Vereine, gegen die Miroslav Klose in einem Pflichtspiel getroffen hat DFB-Pokal 1 FC Rot-Weiß Erfurt
0%
Alle Vereine, gegen die Miroslav Klose in einem Pflichtspiel getroffen hat 1 SC Hauenstein
0%
Alle Vereine, gegen die Miroslav Klose in einem Pflichtspiel getroffen hat Oberliga Südwest 3 SV Rot-Weiß Hasborn
0%
Alle Vereine, gegen die Miroslav Klose in einem Pflichtspiel getroffen hat 2 USC Paloma Hamburg
0%
Keine übereinstimmenden Quizze gefunden
Verteilung der Resultate
Anzahl Personen mit jedem Resultat
Perzentil nach korrekt beantworteten Fragen
Ihre Resultats-Entwicklung
Sie haben dieses Quiz noch nicht gespielt